Rekonštrukcia modelu karosérie malého mestského vozidla pomocou reverzného inžinierstva

Salvato in:
Dettagli Bibliografici
Autore principale: Furda, Martin (Autore)
Altri autori: Milesich, Tomáš (Relatore della tesi)
Natura: Manoscritto Libro
Lingua:slovacco
Pubblicazione: 2018
Soggetti:
Accesso online:http://is.stuba.sk/zp/portal_zp.pl?podrobnosti=133086
Tags: Aggiungi Tag
Nessun Tag, puoi essere il primo ad aggiungerne!!

MARC

LEADER 00000ntm a22000003a 4500
001 stuzp69316
003 SK-STU
005 20180820161213.3
007 ta
008 150427s2015----xo-----f-mn---000-0-slo-d
040 |a STU  |b slo 
041 0 |a slo 
100 1 |a Furda, Martin  |u 020030  |4 aut  |U SjF Strojnícka fakulta  |T SjF Ústav dopravnej techniky a konštruovania  |X 81309  |U J0030  |Y 806  |7 81309 
242 0 1 |a Reconstuction of an urban vehicle body using reverse engineering  |y eng 
245 1 0 |a Rekonštrukcia modelu karosérie malého mestského vozidla pomocou reverzného inžinierstva 
260 |c 2018 
650 4 |a karoséria vozidla  |2 slo 
650 4 |a reverzné inžinierstvo  |2 slo 
650 4 |a 3D skenovanie  |2 slo 
650 4 |a vehicle body  |2 eng 
650 4 |a reverse engineering  |2 eng 
650 4 |a 3D scanning  |2 eng 
700 1 |a Milesich, Tomáš  |u 020030  |k Z2  |4 ths  |U SjF Strojnícka fakulta  |T SjF Ústav dopravnej techniky a konštruovania  |X 49630  |U J0030  |Y 806  |7 A000049630 
856 4 |u http://is.stuba.sk/zp/portal_zp.pl?podrobnosti=133086 
996 |b 284J045509  |c J* 2869/DBP  |l JJSK  |s A  |a 24  |w stuzp69316_0001